-oil Definitions Quiz Stats

 Plays Quiz Updated Dec 2, 2018

Support Sporcle.
Go Orange.
Score 0/15 Timer 03:00
3 Plays Today
% Correct
Oil
92.3%
Boil
91.9%
Soil
90.7%
Recoil
90.1%
Turmoil
90.1%
Broil
88.8%
Coil
86.8%
Embroil
83%
% Correct
Toil
83%
Hydrofoil
82.5%
Cinquefoil
78.1%
Spoil
75.5%
Counterfoil
73.5%
Despoil
65.8%
Roil
57.8%

You're not logged in!

Compare scores with friends on all Sporcle quizzes.
OR
Log In
Forgot?

From the Vault

Most Oscars Movies

by Kicking222

No matter how many times you type it, Battlefield Earth will not appear on this quiz.
Remove Ads.
Support Sporcle.
Get the best of Sporcle when you Go Orange. This ad-free experience offers more features, more stats, and more fun while also helping to support Sporcle. Thank you for becoming a member.

Show Comments

Extras

Top Quizzes Today


Score Distribution

Your Account Isn't Verified!

In order to create a playlist on Sporcle, you need to verify the email address you used during registration. Go to your Sporcle Settings to finish the process.

Report this User

Report this user for behavior that violates our Community Guidelines.

Details: